000 00342nam a2200145Ia 4500
008 230312s9999||||xx |||||||||||||| ||und||
020 _a0-7020-4420-5
082 _a610.73
_bMIN-N
100 _aMinhall;Patricia
245 0 _aNursing research
260 _bSpringer
_aUSA
_c2012
300 _a604
650 _aMedical
_vNursing
942 _cBK
999 _c12592
_d12592